00823nam a2200193 a 4500003000200000005001700002008004100019050002800060100003800088245014800126260009000274300004000364504004100404650003700445650004300482650002200525650004800547650003400595020250226072439.0101013s19uu xx 00 eng d aPHS LC 225.3b.As6 2010 aAsprec, Emmanuel Romagn Maglanoc. aThe relationship between parental involvement and socio-emotional behaviour of high school students of SISC /cEmmanuel Romagn Maglanoc Asprec. aLas Piñas City, Philippines :bSouthville International School and Colleges,c2010. a29 pages :billustrations ;c30 cm. aIncludes bibliographical references. aParent involvement in education. aEmotional intelligence in adolescence. aParent and child. aEducation, SecondaryxParent participation. aSocial skills in adolescence.